000 01177nam a2200289 i 4500
001 181035
003 ES-MaACL
005 20251113184250.0
008 121005s2010 sp a | |||||||| | spa d
020 _a978-84-937245-7-3
080 _a32 Muñoz Martínez, Manuel
080 _a323.281(460)"1939/75"
080 _a94(460)"1931/39"
100 1 _aSígler Silvera, Fernando.
_9138858
245 1 0 _aCautivo de la Gestapo
_b: legado y tragedia del diputado republicano y masón gaditano Manuel Muñoz Martínez /
_cFernando Sígler Silvera.
260 _aCádiz :
_bAsociación Papeles de la Historia,
_c2010.
300 _a233 p. :
_bil. ;
_c24 cm.
504 _aBibliografía: p. 226-233.
600 1 7 _aMuñoz Martínez, Manuel,
_d1888-1942
_2
_9151553
650 4 _aRepresión política-
_zEspaña-
_y1939-1975.
_9145752
651 4 _aEspaña-
_xHistoria-
_y1931-1939, II República.
_98283
852 _aES-MaACL
_jA-12249
_9187918
_bR.147191
_cDEPO1
_dOlim: N-5254
_xDonacion:del autor Cautivo De La Gestapo
903 _9138858
_aSígler Silvera, Fernando
_ednr
942 _2udc
_cMONOGRAFIA
999 _c181035
_d181035